000 00841cam a22002171 4500
001 gs 12000897
003 DLC
005 20260227111313.0
008 841220s1912 gw bf b 000 0 ger c
010 _ags 12000897
035 _a(OCoLC)11515086
040 _aLibrary, U.S. Geol. Survey
_cMH-A
_dDLC
050 0 0 _aQE1
_b.G492 n. f., bd. 10, hft. 5
100 1 _aRassmuss, Hans,
_d1889-
245 1 0 _aBeiträge zur Stratigraphie und Tektonik der südöstlichen Alta Brianza,
_cvon Hans Rassmuss ... mit 1 Karte, 6 Tafeln und 4 Textfiguren.
260 _aJena,
_bG. Fischer,
_c1912.
300 _a128, [14] p.
_bplates (part fold.) fold. map, diagrs. (part fold.)
_c31 cm.
490 0 _aGeologische und palaeontologische Abhandlungen, hrsg. von E. Koken,
_vn. F. Bd. x, Hft. 5
504 _a"Literatur": p. 4-9.
650 0 _aGeology
_zItaly.
999 _c25213
_d25213